| 000 | 00610nam a2200229 a 4500 | ||
|---|---|---|---|
| 999 |
_c446 _d446 |
||
| 005 | 20200104041511.0 | ||
| 008 | 140220b1990 ck ||||| |||| 00| 0 spa d | ||
| 040 |
_aCO-BoIAVH _cCO-BoIAVH |
||
| 041 | _aspa | ||
| 044 | _ack | ||
| 090 |
_aIND-I _b52 |
||
| 245 | _aEstudio monográfico sobre "Tabebuia rosea" | ||
| 260 |
_aBogotá _bInderena _c1990? |
||
| 300 | _a68 páginas | ||
| 650 | 1 | 4 | _aBiodiversidad |
| 650 | 1 | 4 | _aEcología |
| 650 | 1 | 4 | _aRecursos forestales |
| 650 | 1 | 4 | _aPlantas ornamentales |
| 650 | 1 | 4 | _aPlantas útiles |
| 662 | _aColombia | ||
| 942 |
_cINFORME _2z |
||